[Event "Ruhrgebiet Verbandsklasse Gruppe 3 1819"]
[Site "Nordrheinwestfalen"]
[Date "2019.01.20"]
[Round "5.7"]
[White "Carls, Christoph"]
[Black "Gajda, Peter"]
[Result "1/2-1/2"]
[WhiteElo "1718"]
[BlackElo "1824"]
[PlyCount "41"]
[EventDate "2018.09.23"]
[EventType "team-tourn"]
[EventRounds "9"]
[EventCountry "GER"]
[SourceTitle "EXT 2022"]
[Source "ChessBase"]
[SourceDate "2021.10.06"]
[SourceVersion "1"]
[SourceVersionDate "2021.10.06"]
[SourceQuality "1"]
[WhiteTeam "Witten"]
[BlackTeam "Kirchhellen SF"]
[WhiteTeamCountry "GER"]
[BlackTeamCountry "GER"]

1. d4 g6 2. c4 Bg7 3. Nf3 Nf6 4. Nc3 0-0 5. e4 d6 6. h3 c6 7. Be2 a6 8. a4 Qc7 9. 0-0 e5 10. d5 c5 11. Ne1 Ne8 12. f4 exf4 13. Bxf4 Qe7 14. Bd3 Nd7 15. Nf3 Ne5 16. Nxe5 Bxe5 17. Bxe5 Qxe5 18. Qf3 Ng7 19. Qf6 Qxf6 20. Rxf6 Ne8 21. Rf2 1/2-1/2

[Event "Ruhrgebiet Verbandsklasse Gruppe 3 1819"]
[Site "Nordrheinwestfalen"]
[Date "2018.11.04"]
[Round "3.6"]
[White "Gajda, Peter"]
[Black "Siebert, Martin"]
[Result "1/2-1/2"]
[WhiteElo "1824"]
[BlackElo "1945"]
[PlyCount "37"]
[EventDate "2018.09.23"]
[EventType "team-tourn"]
[EventRounds "9"]
[EventCountry "GER"]
[SourceTitle "EXT 2022"]
[Source "ChessBase"]
[SourceDate "2021.10.06"]
[SourceVersion "1"]
[SourceVersionDate "2021.10.06"]
[SourceQuality "1"]
[WhiteTeam "Kirchhellen SF"]
[BlackTeam "Brackel SF IV"]
[WhiteTeamCountry "GER"]
[BlackTeamCountry "GER"]

1. d4 e6 2. Nf3 d5 3. g3 c5 4. Bg2 Nc6 5. 0-0 Qb6 6. e3 Nf6 7. b3 Be7 8. Bb2 c4 9. Qc1 cxb3 10. axb3 Bd7 11. Ba3 Rc8 12. Bxe7 Nxe7 13. Nbd2 0-0 14. Ne5 Bb5 15. c4 Ng6 16. Qa3 dxc4 17. bxc4 Ba6 18. Nxg6 hxg6 19. Rfc1 1/2-1/2

[Event "Ruhrgebiet Verbandsliga Gruppe 2 1617"]
[Site "Germany"]
[Date "2017.04.30"]
[Round "9.7"]
[White "Gajda, Peter"]
[Black "Berke, Martin"]
[Result "1-0"]
[WhiteElo "1812"]
[BlackElo "1754"]
[PlyCount "63"]
[EventDate "2016.09.04"]
[EventType "team-tourn"]
[EventRounds "9"]
[EventCountry "GER"]
[SourceTitle "EXT 2022"]
[Source "ChessBase"]
[SourceDate "2021.10.06"]
[SourceVersion "1"]
[SourceVersionDate "2021.10.06"]
[SourceQuality "1"]
[WhiteTeam "Kirchhellen SF"]
[BlackTeam "Welper SV II"]
[WhiteTeamCountry "GER"]
[BlackTeamCountry "GER"]

1. d4 Nf6 2. Nf3 e6 3. g3 c5 4. Bg2 cxd4 5. Nxd4 Nc6 6. 0-0 Bc5 7. e3 0-0 8. b3 d5 9. Bb2 Bd7 10. Nd2 Nxd4 11. exd4 Be7 12. Nf3 Bb5 13. Re1 Rc8 14. Rc1 Ne4 15. c4 Ba6 16. a3 b6 17. Ne5 Nf6 18. cxd5 Nxd5 19. Nc6 Rxc6 20. Rxc6 Bb7 21. Rc2 Qd7 22. Qe2 Rc8 23. Rec1 Rxc2 24. Qxc2 g6 25. b4 Bf6 26. Qc4 Kg7 27. b5 Bd8 28. a4 Kg8 29. Ba3 Kg7 30. Bxd5 Qxd5 31. Qxd5 Bxd5 32. Rc8 1-0

[Event "NRW Verbandsklasse Group2 1314"]
[Site "Nordrheinwestfalen"]
[Date "2013.11.24"]
[Round "4"]
[White "Verfuerth, Christian"]
[Black "Gajda, Peter"]
[Result "1-0"]
[WhiteElo "1851"]
[BlackElo "1816"]
[PlyCount "103"]
[EventDate "2013.09.08"]
[EventType "team-tourn"]
[EventRounds "9"]
[EventCountry "GER"]
[SourceTitle "EXT 2020"]
[Source "ChessBase"]
[SourceDate "2019.10.17"]
[SourceVersion "1"]
[SourceVersionDate "2019.10.17"]
[SourceQuality "1"]
[WhiteTeam "Horst Emscher II"]
[BlackTeam "Kirchhellen SF"]
[WhiteTeamCountry "GER"]
[BlackTeamCountry "GER"]

1. d4 g6 2. e4 Bg7 3. Nf3 d6 4. Nc3 Nf6 5. Be3 0-0 6. Qd2 Ng4 7. Bg5 h6 8. Bh4 c6 9. Bd3 b5 10. Ne2 a6 11. 0-0 Qc7 12. c3 e6 13. h3 Nf6 14. Bxf6 Bxf6 15. Qxh6 e5 16. Ng5 Bxg5 17. Qxg5 Kg7 18. f4 Qd8 19. Qg3 Nd7 20. f5 Rh8 21. Rf2 Qh4 22. fxg6 Qxg3 23. Nxg3 fxg6 24. a4 Rb8 25. b4 Rf8 26. Rd2 Rf7 27. Be2 Nf8 28. dxe5 dxe5 29. Rd6 Bb7 30. Bg4 Rf6 31. Rxf6 Kxf6 32. a5 Rd8 33. Rf1+ Ke7 34. h4 Rd3 35. Rf3 Rxf3 36. gxf3 Ne6 37. Bxe6 Kxe6 38. Kf2 Kd6 39. Ke3 c5 40. f4 exf4+ 41. Kxf4 cxb4 42. cxb4 Ke6 43. Ne2 Kf6 44. Nd4 Ba8 45. Nb3 Bb7 46. Nc5 Bc8 47. e5+ Kf7 48. Kg5 Bf5 49. h5 Bc2 50. h6 Bb1 51. Nxa6 Ba2 52. Nc7 1-0

[Event "NRW Verbandsklasse Group2 1314"]
[Site "Nordrheinwestfalen"]
[Date "2013.10.13"]
[Round "2.5"]
[White "Gajda, Peter"]
[Black "Thormann, Olaf"]
[Result "1/2-1/2"]
[WhiteElo "1816"]
[BlackElo "1785"]
[PlyCount "32"]
[EventDate "2013.09.08"]
[EventType "team-tourn"]
[EventRounds "9"]
[EventCountry "GER"]
[SourceTitle "EXT 2020"]
[Source "ChessBase"]
[SourceDate "2019.10.17"]
[SourceVersion "1"]
[SourceVersionDate "2019.10.17"]
[SourceQuality "1"]
[WhiteTeam "Kirchhellen SF"]
[BlackTeam "Doppelbauer Brambauer II"]
[WhiteTeamCountry "GER"]
[BlackTeamCountry "GER"]

1. d4 d5 2. Nf3 c6 3. Bf4 Qb6 4. Qc1 Nf6 5. Nbd2 Bf5 6. e3 e6 7. Be2 Nh5 8. Bxb8 Rxb8 9. Ne5 Nf6 10. g4 Bg6 11. h4 Ne4 12. h5 Nxd2 13. Kxd2 Be4 14. f3 f6 15. Nd3 Bxd3 16. Bxd3 c5 1/2-1/2

[Event "NRW Verbandsklasse Group2 1314"]
[Site "Nordrheinwestfalen"]
[Date "2013.09.08"]
[Round "1.5"]
[White "Mittelbachert, Ulrich"]
[Black "Gajda, Peter"]
[Result "1/2-1/2"]
[WhiteElo "1865"]
[BlackElo "1816"]
[PlyCount "46"]
[EventDate "2013.09.08"]
[EventType "team-tourn"]
[EventRounds "9"]
[EventCountry "GER"]
[SourceTitle "EXT 2020"]
[Source "ChessBase"]
[SourceDate "2019.10.17"]
[SourceVersion "1"]
[SourceVersionDate "2019.10.17"]
[SourceQuality "1"]
[WhiteTeam "Castrop Rauxel II"]
[BlackTeam "Kirchhellen SF"]
[WhiteTeamCountry "GER"]
[BlackTeamCountry "GER"]

1. Nf3 d5 2. b4 e6 3. Bb2 Nf6 4. b5 c5 5. e3 Bd6 6. c4 0-0 7. d3 b6 8. Nbd2 Bb7 9. Be2 Nbd7 10. 0-0 Re8 11. Re1 Rc8 12. h3 e5 13. cxd5 Nxd5 14. e4 Nf4 15. Nc4 Bb8 16. Bf1 f6 17. a4 Qe7 18. a5 Rcd8 19. g3 Ne6 20. Be2 Nd4 21. Nxd4 exd4 22. Bf1 Ne5 23. Nxe5 Qxe5 1/2-1/2

[Event "Ruhrgebiet VK2 1213"]
[Site "Nordrheinwestfalen"]
[Date "2013.04.07"]
[Round "8.5"]
[White "Gajda, Peter"]
[Black "Volling, Andreas"]
[Result "1/2-1/2"]
[WhiteElo "1820"]
[BlackElo "1877"]
[PlyCount "41"]
[EventDate "2012.09.02"]
[EventType "team-tourn"]
[EventRounds "9"]
[EventCountry "GER"]
[SourceTitle "EXT 2020"]
[Source "ChessBase"]
[SourceDate "2019.10.17"]
[SourceVersion "1"]
[SourceVersionDate "2019.10.17"]
[SourceQuality "1"]
[WhiteTeam "Kirchhellen SF"]
[BlackTeam "Boenen SV"]
[WhiteTeamCountry "GER"]
[BlackTeamCountry "GER"]

1. d4 d5 2. Nf3 Nf6 3. g3 e6 4. Bg2 c5 5. 0-0 Nc6 6. b3 cxd4 7. Nxd4 Bc5 8. Nxc6 bxc6 9. Bb2 Ba6 10. c4 0-0 11. Nd2 Rb8 12. Rc1 Qe7 13. e3 Rfd8 14. Qc2 Bb4 15. Rfd1 Ba3 16. Bf1 Bxb2 17. Qxb2 Qb7 18. Nf3 dxc4 19. Rxd8+ Rxd8 20. Bxc4 Bxc4 21. Rxc4 1/2-1/2

[Event "Ruhrgebiet VK2 1213"]
[Site "Nordrheinwestfalen"]
[Date "2013.01.13"]
[Round "5"]
[White "Gajda, Peter"]
[Black "Schmitz, Juergen"]
[Result "1/2-1/2"]
[WhiteElo "1820"]
[BlackElo "1901"]
[PlyCount "52"]
[EventDate "2012.09.02"]
[EventType "team-tourn"]
[EventRounds "9"]
[EventCountry "GER"]
[SourceTitle "EXT 2020"]
[Source "ChessBase"]
[SourceDate "2019.10.17"]
[SourceVersion "1"]
[SourceVersionDate "2019.10.17"]
[SourceQuality "1"]
[WhiteTeam "Kirchhellen SF"]
[BlackTeam "Rochade Steele/Kray"]
[WhiteTeamCountry "GER"]
[BlackTeamCountry "GER"]

1. e4 Nf6 2. Nc3 d5 3. e5 d4 4. exf6 dxc3 5. bxc3 exf6 6. Nf3 Bd6 7. Bc4 0-0 8. 0-0 Bg4 9. h3 Bh5 10. d4 Re8 11. Rb1 Qc8 12. Qd3 Bg6 13. Qd2 Be4 14. Qd1 Nc6 15. Bd3 b6 16. Bxe4 Rxe4 17. Re1 Rxe1+ 18. Qxe1 Qf5 19. Qe2 Rd8 20. Be3 Na5 21. c4 Re8 22. Qd3 Qe6 23. d5 Qe7 24. Nd4 Qe5 25. Nf3 Qe7 26. Nd4 g6 1/2-1/2

[Event "Ruhrgebiet Verbandsliga1 1011"]
[Site "Nordrheinwestfalen"]
[Date "2011.01.16"]
[Round "5"]
[White "Gajda, Peter"]
[Black "Voss, Wieland"]
[Result "0-1"]
[WhiteElo "1844"]
[BlackElo "2108"]
[PlyCount "92"]
[EventDate "2011.09.12"]
[EventType "team-tourn"]
[EventRounds "9"]
[EventCountry "GER"]
[SourceTitle "EXT 2020"]
[Source "ChessBase"]
[SourceDate "2019.10.17"]
[SourceVersion "1"]
[SourceVersionDate "2019.10.17"]
[SourceQuality "1"]
[WhiteTeam "Kirchhellen SF"]
[BlackTeam "Wattenscheid SV"]
[WhiteTeamCountry "GER"]
[BlackTeamCountry "GER"]

1. e4 e5 2. Nf3 Nc6 3. Nc3 Nf6 4. d4 exd4 5. Nxd4 Bb4 6. Nxc6 bxc6 7. Bg5 h6 8. Bd2 Qe7 9. Bd3 Bxc3 10. bxc3 d5 11. 0-0 dxe4 12. Re1 0-0 13. f3 Qc5+ 14. Be3 Qxc3 15. fxe4 Ng4 16. Qd2 Qe5 17. g3 Nxe3 18. Qxe3 Be6 19. a4 c5 20. Kh1 Rfd8 21. Rab1 Rd4 22. Qf4 Qxf4 23. gxf4 Rb4 24. Bb5 Kf8 25. Rbd1 Rd4 26. f5 Bc8 27. Rxd4 cxd4 28. Bc6 Rb8 29. Rd1 Rb4 30. c3 dxc3 31. e5 Kg8 32. Rc1 Rc4 33. Bd5 Rc5 34. Be4 Rxe5 35. Bd3 Re3 36. Bc2 Kf8 37. Kg1 Ba6 38. Kf2 Re2+ 39. Kg3 Ke7 40. h4 Kf6 41. Kf4 Bb7 42. Kg3 Ke5 43. Bb3 Re3+ 44. Kf2 Rf3+ 45. Ke2 Ke4 46. Bxf7 Ba6+ 0-1

[Event "Ruhrgebiet Verbandsliga1 1011"]
[Site "Nordrheinwestfalen"]
[Date "2010.11.14"]
[Round "3"]
[White "Gajda, Peter"]
[Black "Marx, Henning"]
[Result "0-1"]
[WhiteElo "1844"]
[BlackElo "1968"]
[PlyCount "68"]
[EventDate "2011.09.12"]
[EventType "team-tourn"]
[EventRounds "9"]
[EventCountry "GER"]
[SourceTitle "EXT 2020"]
[Source "ChessBase"]
[SourceDate "2019.10.17"]
[SourceVersion "1"]
[SourceVersionDate "2019.10.17"]
[SourceQuality "1"]
[WhiteTeam "Kirchhellen SF"]
[BlackTeam "Hattingen"]
[WhiteTeamCountry "GER"]
[BlackTeamCountry "GER"]

1. e4 d5 2. d4 dxe4 3. Nc3 Nf6 4. f3 e3 5. Bxe3 Bf5 6. Bc4 e6 7. Nge2 h6 8. Qd2 c6 9. g4 Bh7 10. g5 hxg5 11. Bxg5 Qa5 12. Bxf6 gxf6 13. Ne4 Qxd2+ 14. Kxd2 Nd7 15. Rad1 0-0-0 16. Kc1 f5 17. Nf2 Bg6 18. Nd3 Rh4 19. Bb3 Bd6 20. c4 Rdh8 21. d5 cxd5 22. cxd5 e5 23. Nc3 a6 24. f4 e4 25. Ne5 Nxe5 26. fxe5 Bxe5 27. Na4 Rxh2 28. Rxh2 Rxh2 29. d6 Bf4+ 30. Kb1 Be3 31. Nc3 Rd2 32. Rc1 Kd8 33. Re1 Bd4 34. Ne2 Bf2 0-1

[Event "Ruhrgebiet VK2 0910"]
[Site "Ruhrgebiet"]
[Date "2010.03.21"]
[Round "8.6"]
[White "Gajda, Peter"]
[Black "Straenger, Petra"]
[Result "1/2-1/2"]
[WhiteElo "1867"]
[BlackElo "1872"]
[PlyCount "47"]
[EventDate "2009.09.06"]
[EventType "team"]
[EventRounds "9"]
[EventCountry "GER"]
[SourceTitle "EXT 2011"]
[Source "ChessBase"]
[SourceDate "2010.11.26"]
[SourceVersion "1"]
[SourceVersionDate "2010.11.26"]
[SourceQuality "1"]
[WhiteTeam "Kirchhellen SF"]
[BlackTeam "Muelheim"]
[WhiteTeamCountry "GER"]
[BlackTeamCountry "GER"]

1. e4 d5 2. exd5 Qxd5 3. Nc3 Qa5 4. Nf3 c6 5. Bc4 Bf5 6. 0-0 Nf6 7. d4 e6 8. Re1 Bb4 9. Bd2 0-0 10. a3 Bxc3 11. Bxc3 Qc7 12. Ne5 Nbd7 13. Bd3 Bxd3 14. Qxd3 Nd5 15. Nxd7 Qxd7 16. h3 Rfd8 17. Rad1 Qc7 18. Qf3 Nxc3 19. Qxc3 Rd5 20. Rd3 Rad8 21. Red1 Qb6 22. b3 Rf5 23. Qd2 h6 24. Qe3 1/2-1/2

[Event "Ruhrgebiet VL1 0708"]
[Site "Germany"]
[Date "2008.04.27"]
[Round "9.5"]
[White "Hoffmann, Alexander1"]
[Black "Gajda, Peter"]
[Result "1-0"]
[WhiteElo "2128"]
[BlackElo "1842"]
[PlyCount "53"]
[EventDate "2007.09.02"]
[EventType "team-tourn"]
[EventRounds "9"]
[EventCountry "GER"]
[SourceTitle "EXT 2009"]
[Source "ChessBase"]
[SourceDate "2008.11.26"]
[SourceVersion "1"]
[SourceVersionDate "2008.11.26"]
[SourceQuality "1"]
[WhiteTeam "Dortmund Hansa II"]
[BlackTeam "Kirchhellen SF"]
[WhiteTeamCountry "GER"]
[BlackTeamCountry "GER"]

1. c4 e5 2. Nc3 Nf6 3. Nf3 Nc6 4. g3 d5 5. cxd5 Nxd5 6. Bg2 Be6 7. 0-0 Be7 8. d4 Nxc3 9. bxc3 exd4 10. cxd4 Bf6 11. Qa4 0-0 12. Bb2 Qc8 13. e4 Bh3 14. e5 Bxg2 15. Kxg2 Be7 16. d5 Nb8 17. Rac1 c6 18. Qf4 f6 19. d6 Bd8 20. Qc4+ Kh8 21. e6 Bb6 22. Rfe1 Qe8 23. Qg4 Rg8 24. Nh4 c5 25. Rcd1 Qc6+ 26. Kg1 c4 27. Ng6+ 1-0